Greek Animal Words - Statistics

General Stats
  • This quiz has been taken 46 times
  • The average score is 12 of 20
Answer Stats
Hint Answer % Correct
Γάτα Cat
98%
Σκύλος Dog
93%
Ελέφαντας Elephant
88%
Τίγρη Tiger
88%
Λιοντάρι Lion
80%
Άλογο Horse
75%
Αγελάδα Cow
65%
Δελφίνι Dolphin
65%
Αετός Eagle
63%
Μαϊμού Monkey
58%
Πρόβατο Sheep
58%
Κατσίκα Goat
55%
Ποντίκι Mouse
55%
Κότα Chicken
53%
Γουρούνι Pig
53%
Φίδι Snake
45%
Αρκούδα Bear
43%
Καρχαρίας Shark
43%
Κουνέλι Rabbit
35%
Κουνούπι Mosquito
18%
No matching quizzes found
Score Distribution
Percent of People with Each Score
Percentile by Number Answered
Your Score History
You have not taken this quiz